000 00559nam a2200229Ia 4500
003 OSt
005 20220924151221.0
006 a|||||r|||| 00| 0
007 ta
008 220923b |||||||| |||| 00| 0 tel d
024 _a336662
037 _cTextual
040 _aARTS
_cARTS
_btel
041 _2tel
_atel
082 _aO35,3NRA99,1, M3
100 _aRajayya
_9223798
245 0 _aKomuram bhim
260 _c1983
650 _aTELUGU FICTION
942 _hO35,3NRA99,1, M3
_cTEXL
_2CC
999 _c465878
_d465878